Logo BPK

Biblioteka

Politechniki Koszalińskiej

Słownik angielsko-polski dla informatyków / (Rekord nr 29375)

Szczegóły MARC
000 -ETYKIETA REKORDU
podpole kontrolne o stałej długości 00546nam a2200181 i 4500
001 - NUMER KONTROLNY REKORDU
pole kontrolne bg
040 ## - ŹRÓDŁO KATALOGOWANIA
Instytucja, która utworzyła rekord BPK
041 ## - KOD JĘZYKA
Kod języka tekstu pol
080 ## - UNIWERSALNA KLASYFIKACJA DZIESIĘTNA - UKD
UKD 004:811.111::811.162.1]'374
008 - POLE O STAŁEJ DŁUGOŚCI - DANE KONTROLNE
podpole kontrolne o stałej długości s pl f |000 0 pol
100 1# - NAZWA OSOBOWA
Nazwa osobowa MARCINIAK, Marian.
245 10 - TYTUŁ/ODPOWIEDZIALNOŚĆ
Tytuł Słownik angielsko-polski dla informatyków /
Pozostałe elementy strefy tytułu i oznaczenia odpowiedzialności Marian Marciniak, Jacek Szaniawski.
260 ## - STREFA ADRESU WYDAWNICZEGO
Miejsce wydania Warszawa ;
Nazwa wydawcy/dystrybutora Wydawnictwa Naukowo-Techniczne,
Data publikacji, dystrybucji/powstania dokumentu 1990.
650 #9 - HASŁO PRZEDMIOTOWE W FORMIE NAZWY OGÓLNEJ LUB JEDNOSTKOWEJ
Nazwa ogólna lub geograficzna Słownik angielsko-polski
650 #9 - HASŁO PRZEDMIOTOWE W FORMIE NAZWY OGÓLNEJ LUB JEDNOSTKOWEJ
Nazwa ogólna lub geograficzna Informatyka
Określnik ogólny terminologia
700 1# - HASŁO DODATKOWE - NAZWA OSOBOWA
Nazwa osobowa SZANIAWSKI, Jacek.
942 ## - DODATKOWE ELEMENTY (KOHA)
Typ dokumentu Książka
Egzemplarze
Wycofany Status egzemplarza Uszkodzony Dostępność Lokalizacja stała Lokalizacja bieżąca Miejsce przechowywania Sygnatura Kod kreskowy Typ dokumentu
      Dostępny Biblioteka Politechniki Koszalińskiej Biblioteka Politechniki Koszalińskiej Wypożyczalnia BG 35529 02200637 Książka
© 2023 Biblioteka Politechniki Koszalińskiej :: KOHA